000 00528cam a2200193 a 4500
020 _a0393038327
040 _cDLC
082 0 0 _a337 W.W 1996 A014 Or.
100 1 _aMurphy, R. Taggart.
245 1 4 _aThe weight of the yen :
_bhow denial imperils America's future and ruins an alliance /
250 _a1st ed.
260 _aNew York :
_bW.W. Norton,
_cc1996.
300 _a352 p. ;
_c22 cm.
650 0 _aInvestments, Japanese
650 0 _aBudget deficits
650 0 _aStocks
650 0 _aLoans, Japanese
942 _cEK
999 _c13170
_d13170